365 Tales Of Indian Mythology / (Record no. 11792)
[ view plain ]
| 000 -LEADER | |
|---|---|
| fixed length control field | 00604nam a2200229 a 4500 |
| 001 - CONTROL NUMBER | |
| JCCL Control Number | 11792 |
| 003 - CONTROL NUMBER IDENTIFIER | |
| JCCL marc code | BD-JhCC |
| 005 - DATE AND TIME OF LATEST TRANSACTION | |
| control field | 20201015085859.0 |
| 008 - FIXED-LENGTH DATA ELEMENTS--GENERAL INFORMATION | |
| fixed length control field | 201014r2018 ii a|||| ||a| 000 0 eng d |
| 020 ## - INTERNATIONAL STANDARD BOOK NUMBER | |
| International Standard Book Number | 9788187107460 |
| 035 ## - SYSTEM CONTROL NUMBER | |
| system control number | (BD-JhCC)11792 |
| 040 ## - CATALOGING SOURCE | |
| Original cataloging agency | BD-JhCC |
| Modifying agency | BD-JhCC |
| 041 ## - LANGUAGE CODE | |
| Language code of Book | eng |
| 082 ## - DEWEY DECIMAL CLASSIFICATION NUMBER | |
| Classification number | 294.513 |
| Author mark and Year | TAL 2018 |
| 245 ## - TITLE STATEMENT | |
| Title | 365 Tales Of Indian Mythology / |
| 260 ## - PUBLICATION, DISTRIBUTION, ETC. (IMPRINT) | |
| Place of publication, distribution, etc | India : |
| Name of publisher, distributor, etc | Om Books International; |
| Date of publication, distribution, etc | 2018. |
| 300 ## - PHYSICAL DESCRIPTION | |
| Pagination | 235 p. : |
| Other physical details | illus.; |
| Dimensions | 36 cm. |
| 490 ## - SERIES STATEMENT | |
| Series statement | 365 |
| 651 ## - SUBJECT ADDED ENTRY--GEOGRAPHIC NAME | |
| Geographic name | Mythology, Indic |
| General subdivision | Hindu mythology |
| Chronological subdivision | India |
| Geographic subdivision | Folklore |
| 942 ## - ADDED ENTRY ELEMENTS (KOHA) | |
| Source of classification or shelving scheme | Dewey Decimal Classification |
| Koha item type | Books |
| Source of classification or shelving scheme | Damaged status | Not for loan | Home library | Current library | Shelving location | Date of accession | Cost, normal purchase price | Total Checkouts | Full call number | Barcode | Date last seen | Copy number | Koha item type |
|---|---|---|---|---|---|---|---|---|---|---|---|---|---|
| Dewey Decimal Classification | Not For Loan | JCC Rouf Library | JCC Rouf Library | General Stacks | 10/15/2020 | 1071.00 | 294.513 TAL 2018 | 16060 | 10/15/2020 | C-1 | Books |